1970s Movies - Sudden Death - Statistics

General Stats
  • This quiz has been taken 1,032 times
  • The average score is 14 of 28
Answers on the Grid
Answers color-coded by a green-red scale on the quiz's grid according to % correct below.
2001: A Space Odyssey
A Clockwork Orange
Alien
Animal House
Annie
Annie Hall
Apocalypse Now
Blazing Saddles
Chinatown
Doctor Zhivago
Dr. No
Enter the Dragon
Footloose
Frosty the Snowman
Gandhi
Grease
Jaws
Kramer vs. Kramer
Love Story
Mary Poppins
Monty Python and the Holy Grail
One Flew Over the Cuckoo's Nest
Planet of the Apes
Rocky
Rosemary's Baby
Star Wars
Superman
Taxi Driver
The Aristocats
The Deer Hunter
The Fox and the Hound
The Godfather
The Graduate
The Great Gatsby
The Jerk
The Jungle Book
The Muppet Movie
The Outsiders
The Rescuers
The Sound of Music
The Stepford Wives
True Grit
Willy Wonka and the Chocolate Factory
Young Frankenstein
 
Answer Stats
Answer % Correct
1975 Jaws
76%
1977 Star Wars
73%
1971 A Clockwork Orange
68%
1979 Apocalypse Now
68%
1972 The Godfather
66%
1979 Alien
64%
1976 Rocky
64%
1978 Grease
63%
1976 Taxi Driver
63%
1975 One Flew Over the Cuckoo's Nest
62%
1974 Chinatown
58%
1976 Monty Python and the Holy Grail
58%
1977 Annie Hall
57%
1979 Kramer vs. Kramer
54%
1978 The Deer Hunter
53%
1978 Superman
52%
1974 Blazing Saddles
51%
1971 Willy Wonka and the Chocolate Factory
48%
1978 Animal House
46%
1977 Enter the Dragon
41%
1974 Young Frankenstein
38%
1970 Love Story
36%
1979 The Muppet Movie
32%
1970 The Aristocats
27%
1979 The Jerk
25%
1974 The Great Gatsby
24%
1977 The Rescuers
22%
1975 The Stepford Wives
22%
No matching quizzes found
Score Distribution
Percent of People with Each Score
Percentile by Number Answered
Your Score History
You have not taken this quiz